000 00331 a2200157 4500
001 65454
020 _a9788574064888 (broch.)
040 _cAnchieta - Pituba
100 _aPrice, Nick
240 1 0 _aBafinhaca
_lpor
245 1 0 _aBafinhaca
300 _a271p.
362 0 _a2011
650 4 _aLiteratura juvenil
942 _cBK
999 _c65454
_d65454